| 000 | 01425nam a2200397 a 4500 | ||
|---|---|---|---|
| 001 | 000015038 | ||
| 003 | DO-SdBPM | ||
| 005 | 20251209124707.0 | ||
| 007 | ta | ||
| 008 | 100129s2001 dr r 000 d spa d | ||
| 040 |
_aDO-SdBPM _bspa _cBPMSU _drda |
||
| 082 | 4 |
_aRD862.44 _bV635s 2001 _222 |
|
| 100 | 1 |
_aVicioso, Sherezada, _d1948- |
|
| 100 | z |
_aChiqui Vicioso, Sherezada _d1948- |
|
| 100 | z |
_aVicioso, Chiqui, _d1948- |
|
| 100 | z |
_aVicioso, Cherezada, _d1948- |
|
| 245 | 1 | 0 |
_aSalomé U. : cartas a una ausencia ; _bWish-ky Sour / _cSherezada Vicioso (Chiqui). |
| 264 |
_aSanto Domingo : _bLibrería La Trinitaria, _c2001. |
||
| 300 |
_a52 , 45 páginas ; _c22 cm. |
||
| 336 |
_atexto _btxt _2rdacontent |
||
| 337 |
_asin mediación _bn _2rdamedia |
||
| 338 |
_avolumen _bnc _2rdacarrier |
||
| 563 | _aDos obras encuadernadas juntas, con paginación invertida. | ||
| 586 | _aSalomé U. : cartas a una ausencia. Premio Casandra a la mejor producción teatral. | ||
| 586 | _aTrago Amargo (Wish-ky sour). Premio anual de teatro Cristóbal de Llerena 1996-97. | ||
| 590 | _aInventariado, 2025/VM | ||
| 650 | 0 | _aTeatro dominicano | |
| 650 | 0 | _aLiteratura dominicana. | |
| 650 | z | _aDominican drama | |
| 650 | z | _aDominican literature | |
| 700 | 1 |
_aVicioso, Sherezada, _d1948- |
|
| 740 | 0 | 2 | _aWhis-ky Sour. |
| 740 | 0 | 2 | _aY no todo era amor. |
| 910 | _aVMateo V. Control de calidad.BPMSU | ||
| 942 |
_2ddc _cBK |
||
| 999 |
_c15573 _d15573 |
||